Tree automata

Salvato in:
Dettagli Bibliografici
Autori principali: Gécsek, Ferenc (Autore), Steinby, Magnus (Autore)
Natura: Libro
Lingua:inglese
Pubblicazione: Budapest : Akadémiai Kiadó, 1984
Edizione:1. vyd.
Tags: Aggiungi Tag
Nessun Tag, puoi essere il primo ad aggiungerne!!

MARC

LEADER 00000nam a22000003a 4500
001 stu90250
005 20150617225815.5
008 040921s1984----hu------------------eng-d
040 |a STU  |b slo 
041 0 |a eng 
044 |a hu 
080 |a 519.713 
100 1 |a Gécsek, Ferenc  |4 aut 
245 1 |a Tree automata 
250 |a 1. vyd. 
260 |a Budapest :  |b Akadémiai Kiadó,  |c 1984 
300 |a 234 s 
700 1 |a Steinby, Magnus  |4 aut 
996 |b E55730  |c E*55730  |l EE03  |s P  |a 0  |w stu90250_0001